Statistics for Ultimate Fan Quiz on: the Simpsons

Click here to take the quiz!

General Stats

  • This quiz has been taken 101 times
  • The average score is 6 of 13

Answer Stats

HintAnswer% Correct
Bart's age (he is in 4th grade)10
98%
Springfield's rival townShelbyville
91%
Who does Ralph Choo-choo-chooseLisa Simpsons
86%
Radioactive Man's SidekickFall Out Boy
66%
Mr. Burns' teddy bearBobo
57%
Name of Homer's barbershop quartetThe Be Sharps
49%
Bart's age when he finally watches the Itchy and Scratchy Movie50
48%
What is Bart allergic toShrimp
37%
Martin Prince's IQ216
24%
Lisa Simpson's IQ156
14%
Homer's fantasy football passwordAnnoyedGrunt
2%
Country that Chief Wiggum's pants is made inUkraine
1%
Maggie Simpson's worth$847.63
0%

Score Distribution

Percentile by Number Answered

Percent of People with Each Score

Your Score History

You have not taken this quiz